[Event "Mistrzostwa Polski Juniorek Mlodszych do lat 14 - OOM Zachodniopomorskie 2023"]
[Site "Darlowek"]
[Date "1899-12-30"]
[Round "6.16"]
[White "Szczepanska, Jagoda"]
[Black "Strzoda, Natalia"]
[Result "0-1"]
[WhiteTitle "II+"]
[BlackTitle "I"]
[WhiteElo "1107"]
[BlackElo "1348"]

1. e4 c5 2. Nf3 Nc6 3. c3 Nf6 4. e5 Nd5 5. d4 cxd4 6. cxd4 d6 7. Be2 Bf5 8. O-O
e6 9. Bc4 Nb6 10. Bd3 Bxd3 11. Qxd3 dxe5 12. Rd1 Rc8 13. Nc3 exd4 14. Nxd4 Nxd4
15. Qxd4 Qxd4 16. Rxd4 Bc5 17. Rd3 Bb4 18. Ne4 Ke7 19. a3 Rhd8 20. Rxd8 Rxd8 21.
Bg5+ f6 22. axb4 fxg5 23. Nxg5 h6 24. Nf3 Rc8 25. h3 a6 26. Ne5 Nc4 27. Rc1 Nd6
28. Rc5 b6 29. Rxc8 Nxc8 30. Nc4 b5 31. Na5 Nb6 32. Kf1 Kd6 33. b3 Nd5 34. Nb7+
Ke5 35. Nc5 Nxb4 36. Ke2 Kd5 37. Nd3 Nxd3 38. Kxd3 a5 39. Kc3 e5 40. Kd3 a4 41.
bxa4 bxa4 42. Kc3 Ke4 43. Kb4 Kd3 44. Kxa4 Ke2 0-1

[Event "Mistrzostwa Polski Juniorek Mlodszych do lat 14 - OOM Zachodniopomorskie 2023"]
[Site "Darlowek"]
[Date "1899-12-30"]
[Round "6.17"]
[White "Dzierzgowska, Jagoda"]
[Black "Bastrzyk, Kinga"]
[Result "1/2-1/2"]
[WhiteTitle "I"]
[BlackTitle "II+"]
[WhiteElo "1219"]
[BlackElo "1175"]

1. d4 Nf6 2. c4 g6 3. Nc3 Bg7 4. e4 d6 5. h3 O-O 6. Nf3 e5 7. d5 a5 8. Be2 Na6
9. O-O Nc5 10. Qc2 c6 11. Be3 Nfd7 12. Rfd1 Qe7 13. Na4 cxd5 14. Nxc5 Nxc5 15.
cxd5 b6 16. Nd2 f5 17. f3 Bb7 18. Bxc5 bxc5 19. a3 Bh6 20. Rab1 Bc8 21. b4 axb4
22. axb4 Be3+ 23. Kh1 cxb4 24. Rxb4 Bc5 25. Ra4 Bd7 26. Rxa8 Rxa8 27. Nb3 Ba4
28. Qd3 Rb8 29. Rb1 fxe4 30. fxe4 Qh4 31. Nxc5 Rxb1+ 32. Qxb1 dxc5 33. Qb8+ Kf7
34. Qc7+ Ke8 35. Qxe5+ Qe7 36. Qb8+ Kf7 37. Qf4+ Qf6 38. Qc7+ Qe7 39. d6 Qd7 40.
Qxc5 Bb3 41. Qc7 Be6 42. Qxd7+ Bxd7 43. Bc4+ Kf6 44. Bd5 Ke5 45. Kh2 g5 46. Bg8
Kxe4 47. Bxh7+ Ke5 48. Kg3 Kxd6 49. Be4 Ke5 50. Bf3 Kf6 51. Bg4 Bc6 52. Bf3 Bd7
53. Bg4 Ke5 1/2-1/2

[Event "Mistrzostwa Polski Juniorek Mlodszych do lat 14 - OOM Zachodniopomorskie 2023"]
[Site "Darlowek"]
[Date "1899-12-30"]
[Round "6.18"]
[White "Kawala, Camilla"]
[Black "Walerjan, Ada"]
[Result "0-1"]
[WhiteTitle "II"]
[BlackTitle "I"]
[WhiteElo "1110"]
[BlackElo "1219"]

1. e4 c5 2. d4 cxd4 3. Qxd4 Nc6 4. Qd1 Nf6 5. Nc3 e6 6. Bg5 Be7 7. Nf3 h6 8. Bd2
d6 9. Be2 O-O 10. O-O a6 11. h3 b5 12. a3 Bb7 13. Be3 Qc7 14. Nd2 Rac8 15. f4
Nd7 16. g4 g6 17. Nf3 f5 18. exf5 gxf5 19. g5 Kh7 20. h4 Na5 21. Nd4 Nc4 22. Bc1
e5 23. fxe5 Qc5 24. Bf3 Bxf3 25. Rxf3 dxe5 26. Nce2 exd4 27. Nxd4 Qxd4+ 28. Qxd4
Bc5 29. Qxc5 Rxc5 30. Kg2 Nce5 31. Rf2 Ng4 32. Rd2 Nde5 33. b4 Rc7 34. Bb2 Nc4
0-1

[Event "Mistrzostwa Polski Juniorek Mlodszych do lat 14 - OOM Zachodniopomorskie 2023"]
[Site "Darlowek"]
[Date "1899-12-30"]
[Round "6.19"]
[White "Czarkowska, Dalia"]
[Black "Oleksiuk, Anna"]
[Result "1/2-1/2"]
[WhiteTitle "I"]
[BlackTitle "II"]
[WhiteElo "1209"]
[BlackElo "1119"]

1. d4 d5 2. Nf3 c6 3. g3 Nf6 4. Bg2 e6 5. c4 dxc4 6. Ne5 Bb4+ 7. Nc3 O-O 8. a3
Bxc3+ 9. bxc3 Nbd7 10. Nxc4 Nb6 11. Qd3 Nxc4 12. Qxc4 Re8 13. O-O e5 14. dxe5
Rxe5 15. Bf4 Re8 16. Rfd1 Qe7 17. Rd2 Be6 18. Qb4 Qxb4 19. axb4 Bc4 20. e3 a6
21. Rd4 Be6 22. c4 Red8 23. Rad1 Rxd4 24. Rxd4 Rc8 25. e4 h6 26. e5 Nd7 27. h4
g5 28. hxg5 hxg5 29. Bxg5 Nxe5 30. Bf6 Ng6 31. c5 Re8 32. Be4 Nf8 33. Bc2 Nd7
34. Bg5 Bd5 35. Be3 Ne5 36. Rf4 Kg7 37. Bd4 f6 38. Bxe5 Rxe5 39. f3 Re1+ 40. Kf2
Ra1 41. Bd3 a5 42. bxa5 Rxa5 43. Rb4 Ra7 44. Bc4 Bxc4 45. Rxc4 Kf7 46. Ke3 Ke6
47. Rd4 Ra5 48. Rd6+ Ke5 49. f4+ Kf5 50. Kd4 Ra4+ 51. Ke3 Ra5 52. Kd4 Ra1 53.
Ke3 Rc1 54. Rd7 Rxc5 55. Rxb7 Rc3+ 56. Kf2 Rc5 57. Kf3 Rc3+ 58. Kg2 Rc2+ 59. Kf3
Rc3+ 60. Kg2 Rc2+ 1/2-1/2

[Event "Mistrzostwa Polski Juniorek Mlodszych do lat 14 - OOM Zachodniopomorskie 2023"]
[Site "Darlowek"]
[Date "1899-12-30"]
[Round "6.20"]
[White "Socha, Maja"]
[Black "Mansz, Martyna"]
[Result "0-1"]
[WhiteTitle "II+"]
[BlackTitle "I"]
[WhiteElo "1073"]
[BlackElo "1208"]

1. e4 c5 2. Nf3 g6 3. d4 cxd4 4. Nxd4 Bg7 5. Nc3 Nc6 6. Be3 Nf6 7. Bc4 O-O 8. Bb3
d6 9. f3 Qb6 10. Qd2 Nxd4 11. Qxd4 Qxd4 12. Bxd4 Bd7 13. O-O-O Rfd8 14. g4 h6
15. h4 h5 16. gxh5 Bh6+ 17. Kb1 Nxh5 18. Rhg1 e6 19. Rdf1 Kf8 20. Ne2 Bf4 21.
Nxf4 Nxf4 22. Be3 e5 23. Rd1 Bb5 24. c4 Ba6 25. Bxf4 exf4 26. Rg4 Rac8 27. Rc1
Rc5 28. Rxf4 Rdc8 29. Rf6 Ke7 30. Rf4 b5 31. Rg1 bxc4 32. Bc2 R8c7 33. Rfg4 c3
34. b3 Be2 35. R1g3 Bb5 36. Rg5 Rxg5 37. Rxg5 Be2 38. f4 Bf3 39. e5 d5 40. f5
gxf5 41. Rxf5 Be2 42. Rf2 Bh5 43. Rg2 d4 44. Rg5 Be2 45. Rg3 Ke6 46. Bd3 Bxd3+
47. Rxd3 Kxe5 48. Kc2 Ke4 49. h5 f5 50. Rh3 f4 51. h6 Rh7 52. Rh1 Ke3 53. Re1+
Kf2 54. Re4 f3 55. Rxd4 Rxh6 56. Kxc3 Re6 57. b4 Re3+ 58. Kc2 Re2+ 59. Kd1 Rxa2
60. b5 Ke3 61. Rd5 f2 62. Rf5 Ra1+ 63. Kc2 f1=Q 64. Rxf1 Rxf1 0-1

[Event "Mistrzostwa Polski Juniorek Mlodszych do lat 14 - OOM Zachodniopomorskie 2023"]
[Site "Darlowek"]
[Date "1899-12-30"]
[Round "6.21"]
[White "Doskocz, Dominika"]
[Black "Woytitzki, Sophie"]
[Result "1-0"]
[WhiteTitle "I"]
[BlackTitle "II"]
[WhiteElo "1193"]
[BlackElo "1156"]

1. e4 e5 2. Nf3 Nc6 3. Nc3 Nf6 4. Bb5 a6 5. Ba4 Bc5 6. Nxe5 b5 7. Nxc6 dxc6 8.
Bb3 O-O 9. O-O Bg4 10. Qe1 a5 11. a3 Re8 12. d3 Qe7 13. h3 Bh5 14. Kh1 Rad8 15.
Bd2 h6 16. f4 Bg6 17. e5 Nd7 18. f5 Bh7 19. e6 fxe6 20. Bxe6+ Kh8 21. Ne4 Bb6
22. Bxa5 Nf6 23. Bd2 Nxe4 24. dxe4 Qc5 25. Bc3 Qd6 26. Rd1 Qe7 27. Qg3 Rxd1 28.
Rxd1 Qg5 29. Qxg5 hxg5 30. Rd7 Bg8 31. Bxg7+ Kh7 32. Bd4+ Kh6 33. Bxb6 cxb6 34.
Bxg8 Rxg8 35. Rd6+ Kg7 36. Re6 Rc8 37. e5 Kf7 38. g4 Kg7 39. Rg6+ Kf7 40. Rxg5
Rd8 41. e6+ Kf8 42. f6 Rd1+ 43. Kg2 Re1 44. e7+ Kf7 45. Rf5 Re2+ 46. Rf2 Re3 47.
g5 c5 48. h4 c4 49. h5 Re5 50. g6+ Ke8 51. f7+ Kxe7 52. f8=Q+ Kd7 53. Qf6 Rd5
54. Re2 Rd6 55. Qxd6+ Kxd6 56. g7 c3 57. bxc3 b4 58. g8=Q bxa3 59. Qf8+ Kd7 60.
Qf6 a2 61. Re7+ 1-0

[Event "Mistrzostwa Polski Juniorek Mlodszych do lat 14 - OOM Zachodniopomorskie 2023"]
[Site "Darlowek"]
[Date "1899-12-30"]
[Round "6.22"]
[White "Mitrega, Lena"]
[Black "Pietrzak, Antonina"]
[Result "1-0"]
[WhiteTitle "II"]
[BlackTitle "I"]
[WhiteElo "1187"]
[BlackElo "1104"]

1. e4 e5 2. Nf3 Nc6 3. Bc4 Bc5 4. Nc3 Nf6 5. d3 d6 6. Bg5 Be6 7. Nd5 Na5 8. Bxf6
gxf6 9. Qd2 c6 10. Nxf6+ Qxf6 11. Bxe6 fxe6 12. Qxa5 Bb6 13. Qd2 Rg8 14. Kf1 O-O-O
15. Qc3 Rdf8 16. Rg1 h5 17. Ke2 h4 18. h3 Rg7 19. Raf1 Rxg2 20. d4 Bxd4 21. Qb3
Rxg1 22. Rxg1 d5 23. Rg4 c5 24. exd5 exd5 25. Qxd5 Qa6+ 26. c4 Rd8 27. Qf7 Qxa2
28. Qf5+ Kb8 29. Qc2 Qa6 30. Rxh4 Qf6 31. b3 Rf8 32. Qe4 Qd6 33. Rh7 Qb6 34. Qd5
Rd8 35. Rxb7+ Qxb7 36. Qxd8+ Qc8 37. Qxc8+ Kxc8 38. Nxd4 cxd4 39. Kd3 Kc7 40.
Ke4 Kb6 41. b4 a5 42. bxa5+ Kxa5 43. Kd3 Kb4 44. f3 Kc5 45. h4 Kd6 46. h5 Ke6
47. h6 Kf7 48. h7 Kg7 49. h8=Q+ Kxh8 50. c5 Kg7 51. c6 Kf6 52. c7 Kf5 53. c8=Q+
Kf4 54. Qg4# 1-0

[Event "Mistrzostwa Polski Juniorek Mlodszych do lat 14 - OOM Zachodniopomorskie 2023"]
[Site "Darlowek"]
[Date "1899-12-30"]
[Round "6.23"]
[White "Rduch, Diana"]
[Black "Swiderska, Jagoda"]
[Result "0-1"]
[WhiteTitle "I"]
[BlackTitle "I"]
[WhiteElo "1128"]
[BlackElo "1186"]

1. e4 c5 2. Nf3 e6 3. d4 cxd4 4. Nxd4 Nf6 5. Bd3 d6 6. Be3 Be7 7. Nc3 a6 8. f3
Qc7 9. Qd2 b5 10. g4 Bb7 11. O-O-O Nbd7 12. Kb1 Rc8 13. a3 O-O 14. h4 d5 15. exd5
Nxd5 16. Nxd5 Bxd5 17. Qf2 Ne5 18. g5 Bc5 19. Be4 Bxe4 20. fxe4 Ng4 21. Qe2 Nxe3
22. Qxe3 e5 23. c3 exd4 24. cxd4 Bb6 25. Qf3 Rfd8 26. d5 Qc2+ 27. Ka1 Rc4 28.
Rhf1 Rf8 29. Rde1 Qh2 30. e5 Rcc8 31. d6 Qd2 32. Re2 Rc1+ 33. Rxc1 Qxc1+ 34. Ka2
Qc4+ 35. b3 Qxh4 36. Qc6 Bd8 37. d7 Qg4 38. Rg2 Qe6 39. Qxe6 fxe6 40. g6 Bc7 41.
Rc2 Bd8 42. gxh7+ Kxh7 43. Rc6 Kg6 44. Rxe6+ Kf7 45. Rxa6 Ke7 46. Rg6 Rg8 47.
e6 Bc7 48. b4 Be5 49. Kb3 Bf6 50. a4 bxa4+ 51. Kxa4 Kxe6 52. b5 Kxd7 53. Rg4 Ra8+
54. Kb4 Rc8 55. Rg3 Kc7 56. Rd3 Be7+ 57. Kb3 Kb6 58. Rd7 Rc7 59. Rd5 Rc5 60. Rd7
Rxb5+ 0-1

[Event "Mistrzostwa Polski Juniorek Mlodszych do lat 14 - OOM Zachodniopomorskie 2023"]
[Site "Darlowek"]
[Date "1899-12-30"]
[Round "6.24"]
[White "Lecka, Hanna"]
[Black "Gancarz, Julia"]
[Result "1/2-1/2"]
[WhiteTitle "II+"]
[BlackTitle "II"]
[WhiteElo "1105"]
[BlackElo "1057"]

1. e4 e5 2. Nf3 Nc6 3. Bc4 Nf6 4. Ng5 d5 5. exd5 Na5 6. d3 Nxc4 7. dxc4 Bc5 8.
O-O O-O 9. Nc3 h6 10. Nge4 Bd4 11. h3 Bf5 12. Qf3 Nxe4 13. Nxe4 Bxe4 14. Qxe4
a6 15. c3 Ba7 16. Qxe5 Re8 17. Qg3 Kh8 18. Be3 Bxe3 19. fxe3 f6 20. Rad1 Re4 21.
Rf4 Qe7 22. Re1 c5 23. Qf3 Re5 24. Rf5 Re4 25. Rf4 Re5 26. Rf5 Re4 27. Rf4 Re5
28. Rf5 Re4 1/2-1/2

[Event "Mistrzostwa Polski Juniorek Mlodszych do lat 14 - OOM Zachodniopomorskie 2023"]
[Site "Darlowek"]
[Date "1899-12-30"]
[Round "6.25"]
[White "Cheda, Julia"]
[Black "Kaminska, Zuzanna"]
[Result "1/2-1/2"]
[WhiteTitle "II"]
[BlackTitle "II"]
[WhiteElo "1068"]
[BlackElo "1040"]

1. d4 d5 2. Nf3 Nf6 3. Bf4 c6 4. h3 Bf5 5. e3 h6 6. Be2 e6 7. O-O Be7 8. c3 O-O
9. Nbd2 Nbd7 10. Rc1 Qb6 11. Qb3 Qxb3 12. Nxb3 a5 13. a4 Ne4 14. Nbd2 Nxd2 15.
Nxd2 c5 16. Nf3 f6 17. Rfe1 e5 18. dxe5 fxe5 19. Nxe5 Nxe5 20. Bxe5 c4 21. Bf3
Be6 22. Rcd1 Rf5 23. Bg3 Ra6 24. e4 dxe4 25. Bxe4 Rf8 26. Bxb7 Rb6 27. Bd5 Bxd5
28. Rxd5 Bf6 29. Rxa5 Rxb2 30. Rb5 Ra2 1/2-1/2

[Event "Mistrzostwa Polski Juniorek Mlodszych do lat 14 - OOM Zachodniopomorskie 2023"]
[Site "Darlowek"]
[Date "1899-12-30"]
[Round "7.1"]
[White "Gaszka, Zuzanna"]
[Black "Natoli, Alessia"]
[Result "0-1"]
[WhiteTitle "I++"]
[BlackTitle "k"]
[WhiteElo "1740"]
[BlackElo "1838"]

1. e4 c6 2. d4 d5 3. Nc3 dxe4 4. Nxe4 Nf6 5. Nxf6+ exf6 6. c3 Bd6 7. Bd3 O-O 8.
Qc2 Re8+ 9. Ne2 h5 10. O-O a5 11. Bf4 Na6 12. Bxd6 Qxd6 13. Ng3 h4 14. Nf5 Bxf5
15. Bxf5 Nc7 16. Qd1 Qf4 17. Qg4 Qxg4 18. Bxg4 g6 19. Rfe1 f5 20. Bf3 Kg7 21.
h3 Ne6 22. Re3 Ng5 23. Rae1 Rxe3 24. Rxe3 Kf6 25. Kf1 Ne6 26. d5 cxd5 27. Bxd5
Nf4 28. Bf3 Rd8 29. Ke1 b6 30. c4 Nd3+ 31. Ke2 Nc1+ 32. Ke1 Nxa2 33. Rb3 Nb4 34.
Rc3 Nd3+ 35. Ke2 Nxb2 36. c5 Na4 37. Rb3 bxc5 38. Ra3 Nb2 39. Rxa5 c4 40. Rc5
Rd4 41. Bd5 c3 42. Bb3 Rd2+ 43. Ke3 f4+ 44. Kf3 Rxf2+ 45. Kxf2 Nd3+ 46. Kf3 Nxc5
0-1

[Event "Mistrzostwa Polski Juniorek Mlodszych do lat 14 - OOM Zachodniopomorskie 2023"]
[Site "Darlowek"]
[Date "1899-12-30"]
[Round "7.2"]
[White "Klintsevich, Aliaksandra"]
[Black "Obukhava, Anastasiya"]
[Result "0-1"]
[WhiteTitle "I"]
[BlackTitle "I"]
[WhiteElo "1541"]
[BlackElo "1610"]

1. d4 d5 2. c4 dxc4 3. e3 Nf6 4. Bxc4 e6 5. Nf3 c5 6. O-O Nc6 7. Nc3 a6 8. a4 b6
9. b3 Bb7 10. Bb2 Be7 11. Ne2 Qc7 12. Ng3 O-O 13. Qe2 Na5 14. dxc5 Nxc4 15. bxc4
Bxc5 16. Bxf6 gxf6 17. Nh5 Qe7 18. Nd2 f5 19. f4 Kh8 20. Nf3 f6 21. Kf2 Qf7 22.
Nh4 Rg8 23. h3 Rad8 24. Rad1 Bc6 25. g4 fxg4 26. hxg4 Rxd1 27. Rxd1 Bxa4 28. Ra1
b5 29. Ng2 e5 30. cxb5 Bxb5 31. Qf3 Rf8 32. Kg3 Qe6 33. Rc1 Bd6 34. Nh4 exf4+
35. exf4 Rg8 36. Kh3 Be2 37. f5 Bxf3 38. fxe6 Bxg4+ 0-1

[Event "Mistrzostwa Polski Juniorek Mlodszych do lat 14 - OOM Zachodniopomorskie 2023"]
[Site "Darlowek"]
[Date "1899-12-30"]
[Round "7.3"]
[White "Kawka, Milena"]
[Black "Chmielek, Kamelia"]
[Result "0-1"]
[WhiteTitle "I+"]
[BlackTitle "I+"]
[WhiteElo "1522"]
[BlackElo "1420"]

1. e4 c5 2. Nf3 e6 3. d4 cxd4 4. Nxd4 Nf6 5. Nc3 Nc6 6. a3 Be7 7. Be3 O-O 8. Be2
d5 9. exd5 Nxd5 10. Nxd5 exd5 11. O-O Bf6 12. c3 Re8 13. Bb5 Qc7 14. Qd2 a6 15.
Bxc6 bxc6 16. Nb3 a5 17. a4 Be5 18. h3 Bf5 19. Rac1 Qd6 20. Rfd1 Qg6 21. f4 Bd6
22. Kh2 Be4 23. g3 f5 24. Qf2 Qh5 25. Re1 Be7 26. Nd4 Qg6 27. Rg1 Rec8 28. g4
Qf6 29. gxf5 Bxf5 30. Nb3 Qh6 31. Qg3 Bh4 32. Qg2 Bf6 33. Nd2 Rcb8 34. b3 Re8
35. Qf3 Re6 36. Bf2 Rae8 37. Rce1 Re2 38. Rxe2 Rxe2 39. Rg3 Rxd2 40. Qe3 Rxf2+
41. Kg1 Qh5 42. Kxf2 Bh4 43. b4 Qg6 44. bxa5 Qxg3+ 45. Qxg3 Bxg3+ 46. Kxg3 Bc8
47. Kf3 Kf7 48. Ke3 Ke6 49. Kd4 Kd6 50. h4 c5+ 51. Kd3 Ba6+ 52. Ke3 Ke6 53. Kf3
d4 54. cxd4 cxd4 55. Ke4 d3 56. Ke3 Kf5 57. h5 Kg4 58. Kd4 0-1

[Event "Mistrzostwa Polski Juniorek Mlodszych do lat 14 - OOM Zachodniopomorskie 2023"]
[Site "Darlowek"]
[Date "1899-12-30"]
[Round "7.4"]
[White "Wojs, Alicja"]
[Black "Moczala, Maja"]
[Result "1/2-1/2"]
[WhiteTitle "I++"]
[BlackTitle "I++"]
[WhiteElo "1639"]
[BlackElo "1707"]

1. e4 c5 2. Nf3 Nc6 3. d4 cxd4 4. Nxd4 Nf6 5. Nc3 d6 6. g3 g6 7. Bg2 Nxd4 8. Qxd4
Bg7 9. O-O O-O 10. Qd3 Be6 11. Nd5 Nxd5 12. exd5 Bf5 13. Qe2 Qd7 14. c4 Rac8 15.
Bg5 h6 16. Be3 b5 17. Qd2 Kh7 18. Rfc1 bxc4 19. Bd4 Qb5 20. Bxg7 Kxg7 21. Qd4+
Kh7 22. Bf1 Qc5 23. Qxc4 Qxc4 24. Rxc4 Rxc4 25. Bxc4 Rc8 26. b3 Kg7 27. Re1 Kf6
28. f3 h5 29. Kf2 Rc5 30. Rd1 Bd7 31. Ke3 1/2-1/2

[Event "Mistrzostwa Polski Juniorek Mlodszych do lat 14 - OOM Zachodniopomorskie 2023"]
[Site "Darlowek"]
[Date "1899-12-30"]
[Round "7.5"]
[White "Duda, Aleksandra"]
[Black "Konkol, Sandra"]
[Result "0-1"]
[WhiteTitle "I++"]
[BlackTitle "I+"]
[WhiteElo "1570"]
[BlackElo "1468"]

1. c4 e5 2. Nc3 c5 3. g3 Nc6 4. Bg2 g6 5. d3 Bg7 6. Nf3 Nge7 7. O-O O-O 8. a3 d6
9. Rb1 a5 10. Bd2 f5 11. Qc1 Be6 12. Bh6 f4 13. Bxg7 Kxg7 14. Ng5 Bg4 15. h3 Bc8
16. Nge4 Nd4 17. Qd1 Nef5 18. Nb5 Nxb5 19. cxb5 fxg3 20. Nxg3 Nd4 21. a4 Be6 22.
b3 Qd7 23. Kh2 Nf5 24. Qd2 Nh4 25. Qg5 Nxg2 26. Kxg2 Bxh3+ 27. Kh2 Bxf1 28. Rxf1
Kh8 29. Kg2 Rf7 30. Rh1 Raf8 31. f3 Rg7 32. Ne4 Qe6 33. Qh6 Qxb3 34. Nxd6 Qxa4
35. Nxb7 Qxb5 36. Nd6 Qb2 37. Kf1 a4 38. Nc4 Qc3 39. Qe3 Qd4 40. Qc1 Ra7 41. Na3
Raf7 42. Rh3 Qg4 43. Qh6 Qf4 44. Qxf4 exf4 45. Ke1 Rb8 46. Kd2 Rb3 47. Nc2 a3
48. Rh1 a2 49. Ra1 Ra7 50. Kc1 Kg7 51. d4 c4 52. Ne1 c3 53. Nd3 h5 54. Nxf4 Rb2
55. d5 Rab7 0-1

[Event "Mistrzostwa Polski Juniorek Mlodszych do lat 14 - OOM Zachodniopomorskie 2023"]
[Site "Darlowek"]
[Date "1899-12-30"]
[Round "7.6"]
[White "Rusiecki, Katarzyna"]
[Black "Borowik, Monika"]
[Result "0-1"]
[WhiteTitle "I+"]
[BlackTitle "I"]
[WhiteElo "1370"]
[BlackElo "1372"]

1. d4 Nf6 2. c4 g6 3. Nc3 Bg7 4. e4 d6 5. h3 O-O 6. Be3 e5 7. d5 a5 8. g4 Na6 9.
Nge2 Nc5 10. Ng3 Ne8 11. h4 Bd7 12. h5 c6 13. Be2 Nc7 14. Qd2 Qe7 15. Bh6 Rab8
16. Bxg7 Kxg7 17. O-O-O cxd5 18. cxd5 b5 19. Rh2 b4 20. hxg6 fxg6 21. Rdh1 Kg8
22. Nd1 Nb5 23. Qh6 Rbc8 24. Kb1 Nd4 25. Qe3 Ba4 26. b3 Ncxb3 27. axb3 Bxb3 28.
Bd3 Rf3 29. Qh6 Rxd3 30. Ne3 Rd2 31. Qxg6+ hxg6 32. Rh8+ Kf7 33. R1h7+ Kf6 34.
Nh5+ Kg5 0-1

[Event "Mistrzostwa Polski Juniorek Mlodszych do lat 14 - OOM Zachodniopomorskie 2023"]
[Site "Darlowek"]
[Date "1899-12-30"]
[Round "7.7"]
[White "Babinska, Liwia"]
[Black "Kicinska, Anna"]
[Result "1/2-1/2"]
[WhiteTitle "I"]
[BlackTitle "I++"]
[WhiteElo "1294"]
[BlackElo "1424"]

1. e4 c5 2. Nf3 Nc6 3. d4 cxd4 4. Nxd4 Nf6 5. Nc3 e5 6. Ndb5 d6 7. Bg5 a6 8. Na3
b5 9. Nd5 Qa5+ 10. Bd2 Qd8 11. Bd3 Rb8 12. c3 Be6 13. Qf3 Be7 14. O-O O-O 15.
Nc2 Nd7 16. Nce3 Bg5 17. Bc1 Nc5 18. Bc2 Ne7 19. Nf5 Nxd5 20. exd5 Bxc1 21. Raxc1
Bxf5 22. Qxf5 g6 23. Qg4 f5 24. Qg3 Qf6 25. b4 Nd7 26. a4 Nb6 27. a5 Nc4 28. Rfd1
Rbc8 29. Bb3 Kg7 30. Bxc4 Rxc4 31. Qe3 Qe7 32. Qb6 Ra8 33. Rd3 Qc7 34. Rh3 f4
35. Rd3 Kf6 36. f3 Qxb6+ 37. axb6 Rb8 38. Ra1 Rxb6 39. g3 g5 40. Kg2 h5 41. Ra3
Rc8 42. Rd1 Ra8 1/2-1/2

[Event "Mistrzostwa Polski Juniorek Mlodszych do lat 14 - OOM Zachodniopomorskie 2023"]
[Site "Darlowek"]
[Date "1899-12-30"]
[Round "7.8"]
[White "Michalska, Lena"]
[Black "Walewska, Natalia"]
[Result "1-0"]
[WhiteTitle "I"]
[BlackTitle "I"]
[WhiteElo "1405"]
[BlackElo "1297"]

1. d4 d5 2. Nf3 e6 3. e3 c5 4. c4 Nf6 5. b3 Nc6 6. Bb2 b6 7. Nbd2 cxd4 8. Nxd4
Nxd4 9. Bxd4 Bd7 10. Be2 Bc5 11. Bf3 Bxd4 12. exd4 O-O 13. O-O Rc8 14. Rc1 Bc6
15. c5 Bb5 16. Re1 Nd7 17. b4 Bc6 18. a4 b5 19. Be2 a6 20. axb5 Bxb5 21. Bxb5
axb5 22. Ra1 Ra8 23. Qb3 Qc7 24. Qd3 Qb7 25. Nb3 h6 26. Na5 Qa6 27. c6 Nb6 28.
g3 Na4 29. Rec1 Qb6 30. Ra2 Rac8 31. Rac2 Rc7 32. Nb7 Rb8 33. Kg2 g6 34. Nc5 Nxc5
35. Rxc5 Qa6 36. Qc3 Rb6 37. Ra1 Qc8 38. Qe3 Kh7 39. Qf4 Kg7 40. Ra5 Rcxc6 41.
Raxb5 Rxb5 42. Rxb5 Rc7 43. Rc5 Rxc5 44. bxc5 Qa6 45. Qe3 Qc4 46. h4 h5 47. Qe5+
Kg8 48. Qb8+ Kg7 49. Qb2 Kg8 50. Qd2 Kg7 51. Qf4 Kg8 52. Qf6 Qc2 53. Kh2 Qc4 54.
Kg2 Qc2 55. Qe5 Qc4 56. Kf3 Qd3+ 57. Kf4 Qd2+ 58. Qe3 Qc2 59. Ke5 Qf5+ 60. Kd6
Qf6 61. Kd7 e5 62. Qxe5 Qa6 63. c6 Qa7+ 64. c7 Qa4+ 65. Kd8 Qa5 66. Ke7 Qa8 67.
Qd6 Qf8+ 68. Kd7 1-0

[Event "Mistrzostwa Polski Juniorek Mlodszych do lat 14 - OOM Zachodniopomorskie 2023"]
[Site "Darlowek"]
[Date "1899-12-30"]
[Round "7.9"]
[White "Gajda, Anna"]
[Black "Palejko, Gabriela"]
[Result "1/2-1/2"]
[WhiteTitle "I"]
[BlackTitle "I"]
[WhiteElo "1248"]
[BlackElo "1344"]

1. e4 e5 2. Nf3 Nc6 3. Bb5 a6 4. Ba4 Nf6 5. Bxc6 dxc6 6. d3 Bc5 7. Bg5 Qd6 8. Nbd2
Be6 9. Qe2 O-O-O 10. Be3 Bxe3 11. Qxe3 b6 12. a3 Ng4 13. Qe2 Kb7 14. h3 Nf6 15.
O-O-O Nd7 16. Ng5 Nc5 17. Ngf3 b5 18. Qe3 f6 19. Nh4 g6 20. Rhf1 Na4 21. f4 exf4
22. Qxf4 Qxf4 23. Rxf4 Rdf8 24. Rdf1 f5 25. exf5 g5 26. R4f2 Bd7 27. Nhf3 Rxf5
28. Nd4 Rxf2 29. Rxf2 Re8 30. Ne4 c5 31. Nb3 Re5 32. Rf7 Bc6 33. Na5+ Kb6 34.
Nxc6 Kxc6 35. Rxh7 c4 36. Nc3 Nxc3 37. bxc3 Re1+ 38. Kb2 cxd3 39. cxd3 Re2+ 40.
Kb3 Rxg2 41. d4 Kd5 1/2-1/2

[Event "Mistrzostwa Polski Juniorek Mlodszych do lat 14 - OOM Zachodniopomorskie 2023"]
[Site "Darlowek"]
[Date "1899-12-30"]
[Round "7.10"]
[White "Pawlikowska, Ewa"]
[Black "Wieczorek, Maja"]
[Result "1-0"]
[WhiteTitle "I"]
[BlackTitle "I"]
[WhiteElo "1343"]
[BlackElo "1308"]

1. e4 c5 2. Nf3 Nc6 3. d4 cxd4 4. Nxd4 d6 5. Nc3 Nf6 6. Be2 e5 7. Nf3 Be6 8. O-O
Be7 9. Be3 O-O 10. Qd2 a6 11. Rad1 b5 12. Bg5 Ne8 13. Bxe7 Nxe7 14. Nxe5 b4 15.
Nb1 Qb6 16. Nc4 Bxc4 17. Bxc4 Rd8 18. c3 a5 19. cxb4 axb4 20. Bb3 Nf6 21. Qe2
Nc6 22. Qc4 Ng4 23. h3 Nge5 24. Qe2 Rfe8 25. Nd2 Na5 26. Bd5 Rc8 27. Rc1 Rxc1
28. Rxc1 Qd4 29. Nf3 Nxf3+ 30. Qxf3 Qa7 31. a3 bxa3 32. Qxa3 Qb6 33. b4 Nb7 34.
Qb3 Rf8 35. g3 h6 36. Rc6 Qd8 37. Qc4 Qa8 38. Ra6 Qb8 39. Rb6 Qa7 40. Rxb7 Qa1+
41. Kg2 Qf6 42. b5 g5 43. Rxf7 Rxf7 44. Bxf7+ Kg7 45. Bd5 Qe7 46. b6 1-0

[Event "Mistrzostwa Polski Juniorek Mlodszych do lat 14 - OOM Zachodniopomorskie 2023"]
[Site "Darlowek"]
[Date "1899-12-30"]
[Round "7.11"]
[White "Kucia, Kinga"]
[Black "Nurkiewicz, Anna"]
[Result "1-0"]
[WhiteTitle "I"]
[BlackTitle "I+"]
[WhiteElo "1253"]
[BlackElo "1361"]

1. d4 Nf6 2. c4 e6 3. Nf3 Bb4+ 4. Bd2 Bxd2+ 5. Qxd2 d5 6. Nc3 O-O 7. e3 b6 8. cxd5
exd5 9. Bd3 Ba6 10. O-O Bxd3 11. Qxd3 Qe7 12. Rac1 c5 13. dxc5 Rd8 14. cxb6 axb6
15. a3 Nc6 16. Rc2 Na5 17. Rd1 Ne4 18. Qe2 Nxc3 19. Rxc3 Qe4 20. h3 h6 21. Qc2
Rab8 22. Rd4 Qxc2 23. Rxc2 Nb3 24. Rd1 b5 25. Nd4 Nxd4 26. Rxd4 Rb6 27. Rc5 b4
28. axb4 Rdb8 29. Rcxd5 Rxb4 30. Rd8+ Rxd8 31. Rxb4 Rd1+ 32. Kh2 Rd2 33. Kg3 f6
34. Rb8+ Kf7 35. b4 Ke6 36. b5 Rd7 37. b6 Kd6 38. Rc8 Rb7 39. Rc7 Rxc7 40. bxc7
Kxc7 41. Kf4 Kd6 42. Kf5 Ke7 43. Kg6 Kf8 44. f4 1-0

[Event "Mistrzostwa Polski Juniorek Mlodszych do lat 14 - OOM Zachodniopomorskie 2023"]
[Site "Darlowek"]
[Date "1899-12-30"]
[Round "7.12"]
[White "Strzoda, Natalia"]
[Black "Lukasik, Aleksandra"]
[Result "1/2-1/2"]
[WhiteTitle "I"]
[BlackTitle "I"]
[WhiteElo "1348"]
[BlackElo "1236"]

1. e4 e6 2. d4 d5 3. Nd2 dxe4 4. Nxe4 Bd7 5. Nf3 Bc6 6. Bd3 Nd7 7. Qe2 Ngf6 8.
Nxf6+ Nxf6 9. Bf4 Bd6 10. Bg3 Bxf3 11. Qxf3 c6 12. O-O-O Qc7 13. Kb1 O-O-O 14.
Bxd6 Qxd6 15. Be4 Nxe4 16. Qxe4 Qd5 17. f3 Rd7 18. Rd2 Rhd8 19. Qxh7 Qg5 20. Rhd1
e5 21. h4 Qf6 22. a3 exd4 23. Qh5 g6 24. Qg4 Kb8 25. c3 d3 26. Qe4 a6 27. g3 g5
28. h5 Re7 29. Qg4 Re3 30. f4 gxf4 31. gxf4 Re4 32. Rxd3 Rxd3 33. Rxd3 Rxf4 34.
Qg3 Ka7 35. Qe3+ Kb8 36. Qe8+ Ka7 37. Qe3+ Ka8 38. Qe8+ 1/2-1/2

[Event "Mistrzostwa Polski Juniorek Mlodszych do lat 14 - OOM Zachodniopomorskie 2023"]
[Site "Darlowek"]
[Date "1899-12-30"]
[Round "7.13"]
[White "Walerjan, Ada"]
[Black "Opalka, Marta"]
[Result "1-0"]
[WhiteTitle "I"]
[BlackTitle "I"]
[WhiteElo "1219"]
[BlackElo "1330"]

1. e4 c5 2. Nf3 e6 3. d4 cxd4 4. Nxd4 Nf6 5. Nc3 Nc6 6. Be3 Bb4 7. Bd3 d5 8. Nxc6
bxc6 9. exd5 cxd5 10. Bd2 Bd7 11. O-O O-O 12. Re1 Re8 13. a3 Ba5 14. b4 Bb6 15.
Qf3 Qc7 16. Nb5 Qb8 17. Nc3 Bd4 18. Rad1 Qb7 19. Ne2 Bb6 20. c4 e5 21. Bb1 Bg4
22. Qb3 d4 23. h3 Be6 24. Bg5 Nh5 25. Ng3 Nf4 26. Be4 Qc7 27. Bxa8 Rxa8 28. Qf3
Qb8 29. Rxe5 f6 30. Bxf4 fxe5 31. Bxe5 Qf8 32. Qxf8+ Rxf8 33. c5 Bd8 34. Rxd4
Bg5 35. c6 Rc8 36. c7 Kf7 37. Ne4 Bf6 38. Nd6+ Kf8 39. Nxc8 Bxe5 40. Rd8+ Kf7
41. Nd6+ Ke7 42. Re8+ Kxd6 43. Rxe6+ Kxc7 44. Rxe5 Kd6 45. Ra5 1-0